Ecopsychology--restoring the earth, healing the mind / (Record no. 19299)
[ view plain ]
| 000 -LEADER | |
|---|---|
| fixed length control field | 00738cam a2200229 a 4500 |
| 020 ## - INTERNATIONAL STANDARD BOOK NUMBER | |
| ISBN | 0871564998 |
| 020 ## - INTERNATIONAL STANDARD BOOK NUMBER | |
| ISBN | 0871564068 (pbk. : acidfree, recycled paper)) |
| 040 ## - CATALOGING SOURCE | |
| Transcribing agency | DLC |
| 082 00 - DEWEY DECIMAL CLASSIFICATION NUMBER | |
| Classification number | 155 ROS 1995 C162 Or. |
| 245 00 - TITLE STATEMENT | |
| Title | Ecopsychology--restoring the earth, healing the mind / |
| 260 ## - PUBLICATION, DISTRIBUTION, ETC. (IMPRINT) | |
| Place of publication | San Francisco : |
| Name of publisher | Sierra Club Books, |
| Year of publication | c1995. |
| 300 ## - PHYSICAL DESCRIPTION | |
| Number of Pages | xxiii, 338 p. ; |
| Dimensions | 23 cm. |
| 650 #0 - SUBJECT ADDED ENTRY--TOPICAL TERM | |
| Topical Term | Environmental psychology. |
| 650 #0 - SUBJECT ADDED ENTRY--TOPICAL TERM | |
| Topical Term | Nature |
| 650 #0 - SUBJECT ADDED ENTRY--TOPICAL TERM | |
| Topical Term | Environmentalism |
| 700 1# - ADDED ENTRY--PERSONAL NAME | |
| Personal name | Roszak, Theodore, |
| 700 1# - ADDED ENTRY--PERSONAL NAME | |
| Personal name | Gomes, Mary E., |
| 700 1# - ADDED ENTRY--PERSONAL NAME | |
| Personal name | Kanner, Allen D., |
| 856 42 - ELECTRONIC LOCATION AND ACCESS | |
| Uniform Resource Identifier | http://www.loc.gov/catdir/bios/ucal053/94031179.html |
| 856 42 - ELECTRONIC LOCATION AND ACCESS | |
| Uniform Resource Identifier | http://www.loc.gov/catdir/description/ucal043/94031179.html |
| 942 ## - ADDED ENTRY ELEMENTS (KOHA) | |
| Koha item type | ADB |
No items available.